00825cam a22002653a 450000100060000000300060000600500170001200800410002904000150007004200070008505000070009210000370009924500950013626000290023150600300026051600200029065300320031065300310034265300230037365300400039665300320043670000200046883000290048885600420051724628PGUSA20140828083529.0080216s2008||||xxu|||||s|||||000 1 eng d aPGUSAbeng adc 4aPZ1 aBailey, Arthur Scott,d1877-194914aThe Tale of Jimmy Rabbit :bSleepy-TimeTalesh[electronic resource] /cArthur Scott Bailey bProject Gutenberg,c2008 aPublic domain in the USA. aElectronic text aAnimals -- Juvenile fiction aPicture books for children aChildren's stories aConduct of life -- Juvenile fiction aRabbits -- Juvenile fiction1 aFagan, Eleanore 0aProject Gutenbergv2462840uhttp://www.gutenberg.org/ebooks/24628